| 000 | 00670cam a2200205 i 4500 | ||
|---|---|---|---|
| 020 | _a9789995052836 | ||
| 040 | _cDLC | ||
| 082 | _a330 CDR 2013 C146 Or. | ||
| 245 | 0 | 0 |
_aCambodia's development dynamics : _bpast performance and emerging priorities / |
| 300 |
_axxii, 131 pages ; _c25 cm |
||
| 500 | _a"September 2013." | ||
| 650 | 0 | _aEconomic Development | |
| 650 | 0 | _aCambodia | |
| 650 | 0 | _aCambodia | |
| 650 | 0 | _aCambodia | |
| 700 | 1 | _aWatkins, Susan Elizabeth, | |
| 710 | 2 | _aVidyāsthān Paṇṭuḥ Paṇṭāl niṅ Srāvjrāv ṭoempī Qabhivaḍḍhn ̊Kambujā, | |
| 856 | 4 | 1 | _uhttps://www.loc.gov/catdir/toc/fy16pdf03/2014313018.html |
| 942 | _cAEDBB | ||
| 999 |
_c18462 _d18462 |
||